|
|
|
|
| LEADER |
00000cam a2200000 i 4500 |
| 001 |
1/38397 |
| 008 |
131118s2013 gr | ||| |||| ||gre|| |
| 020 |
|
|
|a 9789609484374
|
| 035 |
|
|
|l 10116012
|
| 040 |
|
|
|a GR-MyUA
|b gre
|e AACR2
|
| 041 |
0 |
|
|a gre
|
| 082 |
7 |
|
|a 889.34
|2 (22)
|
| 082 |
7 |
|
|a 889.1
|2 (23)
|
| 100 |
1 |
|
|a Κοκόσης, Κωνσταντίνος.
|
| 245 |
1 |
0 |
|a 12 μικρά ποιήματα απαντοχής σε μικρόψυχους καιρούς /
|c Κώστας Κοκόσης.
|
| 260 |
|
|
|a [Αθήνα] :
|b ΑΩ,
|c 2013.
|
| 300 |
|
|
|a 25 σ. ;
|c 23 εκ.
|
| 650 |
0 |
0 |
|a Greek literature, Modern.
|
| 650 |
0 |
0 |
|a Poets, Greek (Modern)
|z Greece.
|
| 650 |
0 |
0 |
|a Greek poetry, Modern.
|
| 852 |
|
|
|a INST
|b LEMNOS
|e 20140414
|h 889.34 ΚΟΚ
|p 005600001032
|q 005600001032
|t BK
|y 0
|
| 852 |
|
|
|a INST
|b RHODES
|e 20131118
|h 889.34 ΚΟΚ
|p 005400035797
|q 005400035797
|t BK
|y 0
|
| 852 |
|
|
|a INST
|b SAMOS
|e 20160513
|h 889.1 KOK
|p 005300043525
|q 005300043525
|t BK
|y 0
|
| 901 |
|
|
|a BIBL4-2013-3
|
| 901 |
|
|
|a BIBL6-2014-1
|
| 909 |
|
|
|a Ρ
|b 182307
|
| 909 |
|
|
|a Μ
|b 161262
|
| 970 |
|
|
|z 2013/11/18
|